Dutch Eredivisie Stadiums 25/26 - Statistics

General Stats
  • This quiz has been taken 46 times
  • The average score is 11 of 19
Answer Stats
Stadium Capacity % Correct
De Kuip 47.500
100%
Johan Cruijff Arena 55.865
100%
Philips Stadion 36.500
92%
De Grolsch Veste 30.205
86%
AFAS Stadion 19.478
78%
Abe Lenstra Stadion 27.224
76%
Euroborg 22.550
73%
Spartastadion Het Kasteel 11.000
73%
Stadion Galgenwaard 23.750
73%
De Adelaarshorst 10.000
62%
Goffertstadion 12.500
54%
Rat Verlegh Stadion 19.000
46%
Asito Stadion 12.080
43%
MAC³PARK Stadion 13.250
32%
Fortuna Sittard Stadion 10.300
30%
Kras Stadion 7.384
27%
BUKO Stadion 5.338
24%
Mandemakers Stadion 7.500
3%
Van Donge & De Roo Stadion 4.500
3%
No matching quizzes found
Score Distribution
Percent of People with Each Score
Percentile by Number Answered
Your Score History
You have not taken this quiz